000 00495nam a2200181Ia 4500
003 IN-BaIIA
008 211028s9999 xx 000 0 eng d
040 _cIIA Library
080 _a523.947:520.86
_bTOD
100 _aTodd, Mabel Loomis
_91467
245 0 _aTotal eclipses of the sun
_cMabel Loomis Todd
260 _aLondon
_bSampson Low
_c1894
300 _axv, 244p.
490 _aColumbian knowledge series
650 _aEclipses-Sun
650 _aTotal eclipse
_91468
942 _cBK
999 _c677
_d677